1980s Movies That Everyone Watched - Statistics

General Stats
  • This quiz has been taken 116 times
  • The average score is 20 of 30
Answer Stats
Year Movie Director Main Actor Supporting Actor % Correct
1985 Back to the Future Robert Zemeckis Michael J. Fox Christopher Lloyd
98%
1981 Raiders of the Lost Ark Steven Spielberg Harrison Ford Karen Allen
89%
1984 The Terminator James Cameron Arnold Schwarzenegger Linda Hamilton
86%
1987 Dirty Dancing Emile Ardolino Patrick Swayze Jennifer Grey
85%
1980 Star Wars: Episode V: The Empire Strikes Back Irvin Kershner Mark Hamill Carrie Fisher
79%
1982 E.T. the Extra-Terrestrial Steven Spielberg Henry Thomas Drew Barrymore
78%
1985 The Breakfast Club John Hughes Emilio Estevez Molly Ringwald
78%
1986 Top Gun Tony Scott Tom Cruise Val Kilmer
78%
1988 Die Hard John McTiernan Bruce Willis Alan Rickman
75%
1988 Twins Ivan Reitman Arnold Schwarzenegger Danny DeVito
74%
1984 Ghostbusters Ivan Reitman Bill Murray Dan Aykroyd
73%
1986 Ferris Bueller's Day Off John Hughes Matthew Broderick Mia Sara
72%
1980 Superman II Richard Donnor Christopher Reeve Margot Kidder
71%
1984 The Karate Kid John G. Avildsen Ralph Macchio Pat Morita
71%
1989 Batman Tim Burton Michael Keaton Jack Nicholson
70%
1988 Rain Man Barry Levinson Tom Cruise Dustin Hoffman
69%
1989 When Harry Met Sally... Rob Reiner Meg Ryan Billy Crystal
69%
1988 Beetlejuice Tim Burton Winona Ryder Michael Keaton
66%
1985 Rocky IV Sylvester Stallone Sylvester Stallone Dolph Lundgren
64%
1984 Beverly Hills Cop Martin Brest Eddie Murphy Judge Reinhold
63%
1987 Lethal Weapon Richard Donnor Mel Gibson Danny Glover
62%
1988 Big Penny Marshall Tom Hanks Elizabeth Perkins
61%
1982 Blade Runner Ridley Scott Harrison Ford Sean Young
51%
1987 Fatal Attraction Adrian Lyne Michael Douglas Glenn Close
49%
1987 The Princess Bride Rob Reiner Robin Wright Cary Elwes
49%
1987 Three Men and a Baby Leonard Nimoy Tom Selleck Ted Danson
49%
1985 The Goonies Richard Donnor Sean Astin Ke Huy Quan
47%
1988 Who Framed Roger Rabbit Robert Zemeckis Bob Hoskins Christopher Lloyd
45%
1984 Gremlins Joe Dante Zach Galligan Phoebe Cates
35%
1989 The Little Mermaid John MuskerRon Clements Jodi Benson Pat Carroll
19%
No matching quizzes found
Score Distribution
Percent of People with Each Score
Percentile by Number Answered
Your Score History
You have not taken this quiz